Análisis de la oferta monetaria en Chile: 1956-1970

সংরক্ষণ করুন:
গ্রন্থ-পঞ্জীর বিবরন
প্রধান লেখক: Martín, María Loreto (autora)
বিন্যাস: গ্রন্থ
ভাষা:স্প্যানিশ
প্রকাশিত: Santiago Pontificia Universidad Católica de Chile 1975
মালা:Documentos de Trabajo, 35
বিষয়গুলি:
ট্যাগগুলো: ট্যাগ যুক্ত করুন
কোনো ট্যাগ নেই, প্রথমজন হিসাবে ট্যাগ করুন!

MARC

LEADER 00000nam a2200000 a 4500
001 UCR8733
003 CL-VaPUC
008 980529e19750300CL |||||||||||||||||spa|d
082 0 4 |a 332.4983  |b MAR  |2 21 
100 |a Martín, María Loreto  |e autora  |9 410873 
245 1 0 |a Análisis de la oferta monetaria en Chile: 1956-1970 
300 |a 64 p 
942 |c BK 
945 |d 19980529 00:00:00  |a crobeson 
260 |a Santiago  |b Pontificia Universidad Católica de Chile  |c 1975 
650 0 |a Economía financiera  |9 359635 
650 0 |a Dinero  |9 314331 
650 7 |a OFERTA MONETARIA  |2 CL-VaPUC  |9 410874 
650 0 |a Análisis económico  |9 259939 
651 7 |a CHILE  |2 CL-VaPUC  |9 410876 
583 |a last modification  |c 19980529 00:00:00  |k Rodrigo Vera 
490 0 |a Documentos de Trabajo, 35 
999 |c 270128  |d 270126 
952 |0 0  |1 0  |4 0  |6 332_498300000000000_MAR_1975  |7 0  |8 A  |9 304257  |a BIBENE  |b BIBENE  |d 2019-11-20  |i 1405829  |o 332.4983 MAR 1975  |p 1405829  |r 2025-01-15  |w 2019-11-20  |y BK  |k ICO